000 00521nam a22001937a 4500
003 KOHA_MİRAKIL
005 20251124081134.0
008 251124b tu ||||| |||| 00| 0 tur d
020 _a9786257631587
040 _aTR-AnABB
_btur
_cTR-AnABB
041 _atur
082 _a813.42
_bGOK 2021
100 1 _aGöksu, Erkan,
245 1 0 _aHüzün melikesi /
_cErkan Göksu
260 _aİstanbul :
_bKronik Kitap,
_c2021
300 _a199 sayfa ;
_c21 cm
650 0 4 _aTürk edebiyatı, roman
942 _2ddc
_cBK
999 _c9581
_d9581
900 _bGizem YORULMAZ